header

HUD housing programs for persons with disabilities (Record no. 62422)

MARC details
000 -LEADER
fixed length control field 01754nam a2200373 a 4500
245 00 - TITLE STATEMENT
Title HUD housing programs for persons with disabilities
260 ## - PUBLICATION, DISTRIBUTION, ETC. (IMPRINT)
Place of publication New York :
Name of publisher Nova Science Publishers,
Year of publication c2009.
300 ## - PHYSICAL DESCRIPTION
Number of Pages ix, 82 p.
490 1# - SERIES STATEMENT
Series statement Housing issues, laws and programs series
500 ## - GENERAL NOTE
General note Edited, excerpted and augmented editions of 1.) a CRS Report for Congress publication, Order Code RL34728, dated Nov. 3, 2008; and 2.) a U.S. Dept. of Justice and U.S. Dept. of Housing and Urban Development publication, Washington, D.C., dated Mar. 5, 2008.
650 #0 - SUBJECT ADDED ENTRY--TOPICAL TERM
Topical Term People with disabilities
Topical Term People with disabilities
700 1# - ADDED ENTRY--PERSONAL NAME
Personal name Felker, Ervin C.
856 40 - ELECTRONIC LOCATION AND ACCESS
Uniform Resource Identifier http://site.ebrary.com/lib/rucke/Doc?id=10671319

No items available.

© 2026 Rongo University
Contact us: librarian | system librarian | Rongo university